Domokos Géza 70 éves. Géza és a "mikós szellem"

Elmentve itt :
Bibliográfiai részletek
Szerző: EGYED Ákos
Adatforrás:Meister
Forrásdokumentuma:A Hét. -
21 sz., 1998, 5 p.
Nyelv:magyar
Kulcsszavak:évforduló
DOMOKOS Géza
LEADER 00360nab a2200133 i 4500
001 bibPRO00007483
008 060524s1998 xx hun
040 |a Sz1 
041 |a hun 
100 1 |a EGYED Ákos 
245 1 0 |a Domokos Géza 70 éves. Géza és a "mikós szellem"  |c EGYED Ákos 
695 |a évforduló 
695 |a DOMOKOS Géza 
773 0 |t A Hét. -  |g 21 sz., 1998, 5 p.